000 00448nam a2200157 i 4500
001 95187
003 ES-MaACL
005 20230906181643.0
007 t|
008 050524s2002 sp ||||1| spa d
100 1 _aLumen, Christian.
_974739
245 1 0 _aConciencia y comunicación social /
_cChristian Lumen [Seud.].
260 _aMadrid :
_b[s.n],
_c1972 (
_fGráf. Benzal)
300 _a170 p. ;
_c20 cm.
852 _aES-MaACL
_jC-50133
_bR.83836
999 _c95187
_d95187